Zasnoubena se smrtí : na motivy příběhu Ireny Bernáškové, první české ženy popravené nacisty a jejího otce, významného českého grafika Vojtěcha Preissiga / Jana Vrzalová
Record details
- ISBN: 978-80-7565-186-0
- Physical Description: 331 stran, 36 nečíslovaných stran obrazových příloh : ilustrace (některé barevné), portréty, faksimile ; 22 cm
- Edition: Vydání první
- Publisher: V Brně : Jota, 2017
Content descriptions
| Bibliography, etc. Note: | Obsahuje bibliografii |
Search for related items by subject
| Genre: | biografie literatura faktu biography non-fiction |
Available copies
- 1 of 1 copy available at Common Catalog SPOK.
Holds
- 0 current holds with 1 total copy.
Show Only Available Copies
| Location | Call Number / Copy Notes | Barcode | Shelving Location | Status | Due Date |
|---|---|---|---|---|---|
| The Jewish community of Prague | K 3598 | 4638301619 | K - Beletrie | Available | - |
Electronic resources
Version of Resource: Digitalizovaný dokument
| LDR | 03344nam a2200817 i 4500 | ||
|---|---|---|---|
| 001 | 53338 | ||
| 003 | CZ-PrJAB | ||
| 005 | 20190928235008.0 | ||
| 007 | ta | ||
| 008 | 170928s2017 xr acfhe 000 0bcze | ||
| 015 | . | ‡acnb002937953 | |
| 020 | . | ‡a978-80-7565-186-0 ‡q(vázáno) | |
| 035 | . | ‡a(CZ PrNK)nkc20172937953 | |
| 035 | . | ‡a(OCoLC)1011104266 | |
| 040 | . | ‡aBOA001 ‡bcze ‡erda | |
| 043 | . | ‡ae-cs--- | |
| 045 | . | ‡aw7x4 | |
| 072 | 7. | ‡a323 ‡xVnitropolitický vývoj, politický život ‡2Konspekt ‡915 | |
| 072 | 7. | ‡a929 ‡xBiografie ‡2Konspekt ‡98 | |
| 080 | . | ‡a655.41-055.2 ‡2MRF | |
| 080 | . | ‡a070.42-055.2 ‡2MRF | |
| 080 | . | ‡a76.071.1 ‡2MRF | |
| 080 | . | ‡a[323.28:329.17]-058.6 ‡2MRF | |
| 080 | . | ‡a929 ‡2MRF | |
| 080 | . | ‡a323.25/.26:329.18 ‡2MRF | |
| 080 | . | ‡a070-027.583 ‡2MRF | |
| 080 | . | ‡a172.15 ‡2MRF | |
| 080 | . | ‡a94(100)"1939/1945" ‡2MRF | |
| 080 | . | ‡a(437) ‡2MRF | |
| 080 | . | ‡a(092) ‡2MRF | |
| 080 | . | ‡a(0:82-96) ‡2MRF | |
| 100 | 1 | . | ‡aVrzalová, Jana, ‡d1951- ‡7xx0018391 ‡4aut |
| 245 | 1 | 0. | ‡aZasnoubena se smrtí : ‡bna motivy příběhu Ireny Bernáškové, první české ženy popravené nacisty a jejího otce, významného českého grafika Vojtěcha Preissiga / ‡cJana Vrzalová |
| 250 | . | ‡aVydání první | |
| 264 | 1. | ‡aV Brně : ‡bJota, ‡c2017 | |
| 300 | . | ‡a331 stran, 36 nečíslovaných stran obrazových příloh : ‡bilustrace (některé barevné), portréty, faksimile ; ‡c22 cm | |
| 336 | . | ‡atext ‡btxt ‡2rdacontent | |
| 337 | . | ‡abez média ‡bn ‡2rdamedia | |
| 338 | . | ‡asvazek ‡bnc ‡2rdacarrier | |
| 504 | . | ‡aObsahuje bibliografii | |
| 600 | 1 | 7. | ‡aBernášková, Irena, ‡d1904-1942 ‡7jn20000400165 ‡2czenas |
| 600 | 1 | 7. | ‡aPreissig, Vojtěch, ‡d1873-1944 ‡7jk01101031 ‡2czenas |
| 630 | 0 | 7. | ‡aV boj ‡7unn2006375328 ‡2czenas |
| 648 | 7. | ‡a20. století ‡7ch460558 ‡2czenas | |
| 648 | 7. | ‡a19.-20. století ‡7ch757015 ‡2czenas | |
| 648 | 7. | ‡a1938-1945 ‡7ch525257 ‡2czenas | |
| 648 | 4. | ‡a1904-1942 | |
| 648 | 4. | ‡a1873-1944 | |
| 650 | 0 | 7. | ‡anakladatelky a vydavatelky ‡7ph872729 ‡zČesko ‡y20. století ‡2czenas |
| 650 | 0 | 7. | ‡anovinářky ‡7ph123340 ‡zČesko ‡y20. století ‡2czenas |
| 650 | 0 | 7. | ‡agrafici ‡7ph120589 ‡zČesko ‡y19.-20. století ‡2czenas |
| 650 | 0 | 7. | ‡aoběti nacismu ‡7ph123641 ‡zČeskoslovensko ‡2czenas |
| 650 | 0 | 7. | ‡aprotifašistický odboj ‡7ph115901 ‡zČeskoslovensko ‡2czenas |
| 650 | 0 | 7. | ‡ailegální tisk ‡7ph121034 ‡zČeskoslovensko ‡y1938-1945 ‡2czenas |
| 650 | 0 | 7. | ‡avlastenectví ‡7ph127129 ‡2czenas |
| 650 | 0 | 7. | ‡adruhá světová válka (1939-1945) ‡7ph117270 ‡zČeskoslovensko ‡2czenas |
| 650 | 0 | 9. | ‡awomen publishers and publishing ‡zCzechia ‡y20th century ‡2eczenas |
| 650 | 0 | 9. | ‡awomen journalists ‡zCzechia ‡y20th century ‡2eczenas |
| 650 | 0 | 9. | ‡aprintmakers ‡zCzechia ‡y19th-20th centuries ‡2eczenas |
| 650 | 0 | 9. | ‡avictims of Nazism ‡zCzechoslovakia ‡2eczenas |
| 650 | 0 | 9. | ‡aanti-fascist movements ‡zCzechoslovakia ‡2eczenas |
| 650 | 0 | 9. | ‡aillegal press ‡zCzechoslovakia ‡y1938-1945 ‡2eczenas |
| 650 | 0 | 9. | ‡apatriotism ‡2eczenas |
| 650 | 0 | 9. | ‡aWorld War (1939-1945) ‡zCzechoslovakia ‡2eczenas |
| 655 | 7. | ‡abiografie ‡7fd131909 ‡2czenas | |
| 655 | 7. | ‡aliteratura faktu ‡7fd132773 ‡2czenas | |
| 655 | 9. | ‡abiography ‡2eczenas | |
| 655 | 9. | ‡anon-fiction ‡2eczenas | |
| 856 | 4 | 1. | ‡uhttp://krameriusndk.nkp.cz/search/handle/uuid:be8ef6b0-65bf-11e9-bcdf-005056827e52 ‡yDigitalizovaný dokument |
| 910 | . | ‡aABE461 | |
| 995 | . | ‡aska | |
| 901 | . | ‡a53338 ‡bAUTOGEN ‡c53338 ‡tbiblio | |